000 00588nam a2200181Ia 4500
008 090630s9999 xx 000 0 und d
082 _b21624
100 _aकणेकर शिरिष.
245 _aसूर पारंब्या.
_cकणेकर शिरिष.
260 _bडिंपल - वसई.
_c2001
300 _a255
600 _aकणेकर शिरिष.
630 _aसूर पारंब्या.
655 _aइतर.
700 _aकणेकर शिरिष.
730 _aसूर पारंब्या.
942 _cBOOK
999 _c273480
_d273480